00173nam a2200073 4500020001800000245003300018260004000051300000800091 a9786245786091 aOUR VOYAGE THROUGH THE YEARS bInstitute of Chemistry Ceylonc2021 a141